[Event "Senta op-A 13th"]
[Site "Senta"]
[Date "2009.07.24"]
[Round "8"]
[White "Todorovic, Goran M"]
[Black "Popovic, Aleksandra"]
[Result "1-0"]
[WhiteElo "2458"]
[BlackElo "2045"]
[PlyCount "77"]
[EventDate "2009.07.18"]
[EventType "swiss"]
[EventRounds "9"]
[EventCountry "YUG"]
[SourceTitle "CBM 131 Extra"]
[Source "ChessBase"]
[SourceDate "2009.09.03"]
[SourceVersion "2"]
[SourceVersionDate "2009.09.16"]
[SourceQuality "1"]

1. e4 e5 2. Nc3 Nf6 3. g3 Bc5 4. Bg2 h5 5. h3 Nc6 6. d3 d6 7. Na4 Be6 8. Nxc5 dxc5 9. f4 Qd6 10. Nf3 0-0-0 11. Be3 h4 12. f5 Bd7 13. g4 Nd4 14. Nd2 Bb5 15. 0-0 Nh7 16. a3 f6 17. b4 Ba4 18. Nc4 Qc6 19. Rf2 Rd7 20. Nb2 c4 21. Nxc4 Nxc2 22. Rxc2 Rhd8 23. Qe2 Bxc2 24. Qxc2 Rxd3 25. b5 Qxb5 26. Bf1 Qb3 27. Bxd3 Rxd3 28. Qxb3 Rxb3 29. Kf2 a6 30. Ke2 b5 31. Nd2 Rc3 32. Nf3 c5 33. Nxh4 c4 34. Nf3 Rc2+ 35. Bd2 Nf8 36. Kd1 Rb2 37. Bb4 Rb3 38. Bxf8 Rxf3 39. Ke2 1-0

[Event "Senta op-A 13th"]
[Site "Senta"]
[Date "2009.07.21"]
[Round "5"]
[White "Popovic, Aleksandra"]
[Black "Dimitrijevic, Radmilo"]
[Result "1/2-1/2"]
[WhiteElo "2045"]
[BlackElo "2228"]
[PlyCount "25"]
[EventDate "2009.07.18"]
[EventType "swiss"]
[EventRounds "9"]
[EventCountry "YUG"]
[SourceTitle "CBM 131 Extra"]
[Source "ChessBase"]
[SourceDate "2009.09.03"]
[SourceVersion "2"]
[SourceVersionDate "2009.09.16"]
[SourceQuality "1"]

1. d4 d5 2. Nf3 e6 3. e3 c5 4. dxc5 Bxc5 5. a3 a5 6. Bb5+ Bd7 7. a4 Bxb5 8. axb5 Nf6 9. c4 0-0 10. b3 dxc4 11. bxc4 Qxd1+ 12. Kxd1 Nbd7 13. Nbd2 1/2-1/2

[Event "Senta op-A 13th"]
[Site "Senta"]
[Date "2009.07.18"]
[Round "1"]
[White "Popovic, Aleksandra"]
[Black "Szabados, Karoly"]
[Result "1/2-1/2"]
[WhiteElo "2045"]
[BlackElo "2077"]
[PlyCount "118"]
[EventDate "2009.07.18"]
[EventType "swiss"]
[EventRounds "9"]
[EventCountry "YUG"]
[SourceTitle "CBM 131 Extra"]
[Source "ChessBase"]
[SourceDate "2009.09.03"]
[SourceVersion "2"]
[SourceVersionDate "2009.09.16"]
[SourceQuality "1"]

1. g3 f5 2. Bg2 Nf6 3. d3 e5 4. c4 Bc5 5. e3 0-0 6. Ne2 d6 7. 0-0 c6 8. Nbc3 Be6 9. Na4 Nbd7 10. b3 Qe8 11. Bb2 Qh5 12. d4 Bb6 13. Nxb6 axb6 14. dxe5 dxe5 15. Qc2 Ng4 16. h3 Ngf6 17. Rfe1 f4 18. exf4 Bxh3 19. f3 Bf5 20. Qc3 exf4 21. g4 Bxg4 22. fxg4 Qxg4 23. Qf3 Qh4 24. Qh3 Qg5 25. Nd4 Rfe8 26. Ne6 Qg3 27. Qxg3 fxg3 28. b4 h6 29. a3 Kf7 30. Nd4 Ne5 31. Nf5 Nxc4 32. Bxf6 Rxe1+ 33. Rxe1 Kxf6 34. Rf1 Nd2 35. Rd1 Kxf5 36. Rxd2 Rxa3 37. Rd7 Ra1+ 38. Bf1 Rb1 39. Rxb7 Rxb4 40. Rxg7 h5 41. Kg2 h4 42. Kh3 c5 43. Rh7 Kg5 44. Rg7+ Kh6 45. Rd7 Rb1 46. Bd3 Rb4 47. Rf7 Rd4 48. Bb5 Kg5 49. Rg7+ Kf6 50. Rg8 Ke5 51. Rg5+ Kf6 52. Rg8 Rf4 53. Rh8 Ke5 54. Rh6 Kd4 55. Rc6 Kd5 56. Rc8 Rb4 57. Bf1 Rb2 58. Bg2+ Kd4 59. Kxh4 Rd2 1/2-1/2

[Event "Belgrade Trophy 20th"]
[Site "Belgrade"]
[Date "2007.11.28"]
[Round "7"]
[White "Kuzmanovic, Slobodan"]
[Black "Popovic, Aleksandra"]
[Result "1/2-1/2"]
[WhiteElo "2108"]
[BlackElo "2045"]
[PlyCount "46"]
[EventDate "2007.11.22"]
[EventType "swiss"]
[EventRounds "9"]
[EventCountry "YUG"]
[SourceTitle "CBM 121 Extra"]
[Source "ChessBase"]
[SourceDate "2008.01.10"]
[SourceVersion "1"]
[SourceVersionDate "2008.01.10"]
[SourceQuality "1"]

1. e4 e5 2. Nf3 Nc6 3. Bb5 a6 4. Ba4 Nf6 5. 0-0 Be7 6. Re1 b5 7. Bb3 0-0 8. d4 d6 9. c3 Bg4 10. Be3 exd4 11. cxd4 Na5 12. Bc2 Nd7 13. h3 Bh5 14. Nbd2 h6 15. a4 Bf6 16. Qb1 Re8 17. e5 dxe5 18. g4 exd4 19. Bxd4 Rxe1+ 20. Qxe1 Bxd4 21. Nxd4 Nf8 22. N2f3 c5 23. axb5 axb5 1/2-1/2

[Event "Belgrade Trophy 20th"]
[Site "Belgrade"]
[Date "2007.11.25"]
[Round "4"]
[White "Popovic, Aleksandra"]
[Black "Brenjo, Slavisa"]
[Result "0-1"]
[WhiteElo "2045"]
[BlackElo "2481"]
[PlyCount "84"]
[EventDate "2007.11.22"]
[EventType "swiss"]
[EventRounds "9"]
[EventCountry "YUG"]
[SourceTitle "CBM 121 Extra"]
[Source "ChessBase"]
[SourceDate "2008.01.10"]
[SourceVersion "1"]
[SourceVersionDate "2008.01.10"]
[SourceQuality "1"]

1. e4 e5 2. Nf3 Nc6 3. Bb5 a6 4. Ba4 Nf6 5. 0-0 Be7 6. Re1 b5 7. Bb3 0-0 8. d4 d6 9. c3 Bg4 10. Be3 exd4 11. cxd4 d5 12. e5 Ne4 13. Nc3 Nxc3 14. bxc3 Na5 15. Bc2 Nc4 16. Qd3 g6 17. Bh6 Re8 18. h3 Be6 19. g4 a5 20. Kh2 c5 21. h4 b4 22. Ng5 bxc3 23. f4 Bxg4 24. Rg1 Qd7 25. dxc5 Bxc5 26. Qxc3 Bf5 27. h5 Bb4 28. Qb3 Rab8 29. e6 Rxe6 30. Nxe6 Qxe6 31. Bxf5 Qxf5 32. Qh3 Qe4 33. Qg2 Re8 34. Rad1 Qxg2+ 35. Rxg2 Ne3 36. Re2 Nf1+ 37. Kg1 Rxe2 38. Rxd5 Rd2 39. Rb5 f5 40. Kxf1 Rxa2 41. Rb8+ Kf7 42. Rb7+ Ke6 0-1

[Event "Belgrade Trophy 20th"]
[Site "Belgrade"]
[Date "2007.11.24"]
[Round "3"]
[White "Nestorovic, Nikola"]
[Black "Popovic, Aleksandra"]
[Result "1-0"]
[WhiteElo "2436"]
[BlackElo "2045"]
[PlyCount "51"]
[EventDate "2007.11.22"]
[EventType "swiss"]
[EventRounds "9"]
[EventCountry "YUG"]
[SourceTitle "CBM 121 Extra"]
[Source "ChessBase"]
[SourceDate "2008.01.10"]
[SourceVersion "1"]
[SourceVersionDate "2008.01.10"]
[SourceQuality "1"]

1. e4 e5 2. Nf3 Nc6 3. Bb5 a6 4. Ba4 Nf6 5. 0-0 Be7 6. Re1 b5 7. Bb3 0-0 8. a4 b4 9. d3 Re8 10. Nbd2 Bf8 11. a5 Rb8 12. Nc4 d6 13. Ne3 Be6 14. Nd5 h6 15. Bc4 Bxd5 16. exd5 Ne7 17. d4 e4 18. Nd2 Nexd5 19. Nxe4 c6 20. Nxf6+ Qxf6 21. Rxe8 Rxe8 22. Bxa6 Re4 23. Bd3 Qxd4 24. a6 Re8 25. a7 Nc7 26. a8Q 1-0

[Event "Belgrade Trophy 20th"]
[Site "Belgrade"]
[Date "2007.11.23"]
[Round "2"]
[White "Popovic, Aleksandra"]
[Black "Jakovljevic, Vlado"]
[Result "1-0"]
[WhiteElo "2045"]
[BlackElo "2461"]
[PlyCount "57"]
[EventDate "2007.11.22"]
[EventType "swiss"]
[EventRounds "9"]
[EventCountry "YUG"]
[SourceTitle "CBM 121 Extra"]
[Source "ChessBase"]
[SourceDate "2008.01.10"]
[SourceVersion "1"]
[SourceVersionDate "2008.01.10"]
[SourceQuality "1"]

1. e4 c5 2. Nf3 d6 3. d4 cxd4 4. Nxd4 Nf6 5. Nc3 a6 6. h3 e6 7. g4 b5 8. Bg2 Bb7 9. g5 b4 10. gxf6 bxc3 11. bxc3 Nd7 12. fxg7 Bxg7 13. Rb1 Nc5 14. Qg4 Qf6 15. 0-0 Qg6 16. Re1 0-0-0 17. Bg5 Rd7 18. Bd2 Rg8 19. Qxg6 hxg6 20. Rb6 Rc7 21. Rxd6 Na4 22. e5 Bxg2 23. Kxg2 Nxc3 24. Rxa6 Rd8 25. Bxc3 Rxc3 26. Nb5 Rc5 27. Nd6+ Kc7 28. Rb1 Kd7 29. Nb7 1-0

[Event "SRB-chT Cup 50th"]
[Site "Mataruska Banja"]
[Date "2007.05.26"]
[Round "6"]
[White "Pavlovic, Goran"]
[Black "Popovic, Aleksandra"]
[Result "1-0"]
[WhiteElo "2365"]
[BlackElo "2045"]
[PlyCount "105"]
[EventDate "2007.05.21"]
[EventType "team-tourn"]
[EventRounds "7"]
[EventCountry "YUG"]
[SourceTitle "CBM 118 Extra"]
[Source "ChessBase"]
[SourceDate "2007.07.04"]
[SourceVersion "1"]
[SourceVersionDate "2007.07.04"]
[SourceQuality "1"]

1. d4 c5 2. d5 Nf6 3. c4 g6 4. Nc3 Bg7 5. e4 d6 6. Bd3 0-0 7. h3 Na6 8. Nf3 e6 9. 0-0 e5 10. Re1 Bd7 11. a3 Nh5 12. Rb1 Qe8 13. Nb5 Qe7 14. b4 Be8 15. Be3 b6 16. Qa4 Nb8 17. bxc5 dxc5 18. Qc2 Bxb5 19. Rxb5 Nd7 20. a4 Qd6 21. a5 Nf4 22. Bf1 h6 23. Qa4 f5 24. exf5 e4 25. Nh4 gxf5 26. Bxf4 Qxf4 27. Ng6 Qg5 28. Nxf8 Rxf8 29. axb6 axb6 30. Rb3 Ne5 31. Rg3 Qf6 32. Qa7 h5 33. Rb1 f4 34. Rxg7+ Qxg7 35. Qxg7+ Kxg7 36. Rxb6 Rf6 37. Rb5 Nd7 38. Rb7 Rf7 39. Rc7 Kf6 40. Be2 h4 41. Bg4 Ne5 42. d6 e3 43. Kf1 Rf8 44. d7 Ra8 45. fxe3 Ra1+ 46. Ke2 Ra2+ 47. Kd1 Ke7 48. Rc8 Nxd7 49. Rc7 fxe3 50. Rxd7+ Kf6 51. Rd5 Rxg2 52. Rxc5 Rd2+ 53. Ke1 1-0

[Event "Boskovic Memorial op 7th"]
[Site "Belgrade"]
[Date "2006.10.10"]
[Round "8"]
[White "Predojevic, Borki"]
[Black "Popovic, Aleksandra"]
[Result "1-0"]
[WhiteElo "2590"]
[BlackElo "2045"]
[PlyCount "59"]
[EventDate "2006.10.02"]
[EventType "swiss"]
[EventRounds "9"]
[EventCountry "YUG"]
[SourceTitle "CBM 114 Extra"]
[Source "ChessBase"]
[SourceDate "2006.11.03"]
[SourceVersion "1"]
[SourceVersionDate "2006.11.03"]
[SourceQuality "1"]

1. d4 Nf6 2. Bg5 c5 3. Bxf6 exf6 4. c3 Qb6 5. Qd2 d5 6. e3 g5 7. g3 c4 8. Bg2 Be6 9. Ne2 f5 10. Qc2 Nd7 11. h4 gxh4 12. Rxh4 Be7 13. Rh1 Nf6 14. Nd2 h5 15. Nf4 0-0-0 16. b3 cxb3 17. axb3 h4 18. c4 Kb8 19. gxh4 Ne4 20. Bxe4 fxe4 21. cxd5 Bf5 22. Nc4 Qb4+ 23. Kf1 Rc8 24. h5 Rh6 25. Rg1 Rh7 26. Ra4 Qb5 27. Qa2 a6 28. Ra5 Qb4 29. d6 Qc3 30. Rxf5 1-0

[Event "SCG-chT 4th"]
[Site "Vrnjacka Banja"]
[Date "2006.05.07"]
[Round "7"]
[White "Popovic, Aleksandra"]
[Black "Rabrenovic, Vladan"]
[Result "1/2-1/2"]
[WhiteElo "2045"]
[BlackElo "2328"]
[PlyCount "88"]
[EventDate "2006.05.01"]
[EventType "team"]
[EventRounds "7"]
[EventCountry "YUG"]
[SourceTitle "CBM 112 Extra"]
[Source "ChessBase"]
[SourceDate "2006.07.14"]
[SourceVersion "1"]
[SourceVersionDate "2006.07.14"]
[SourceQuality "1"]

1. e4 d6 2. f4 Nf6 3. Nc3 c5 4. Nf3 g6 5. h3 Bg7 6. Bb5+ Bd7 7. Bxd7+ Nbxd7 8. d3 0-0 9. g4 e6 10. Be3 a6 11. Qd2 b5 12. 0-0 Qc7 13. Rae1 Rfc8 14. Re2 c4 15. Nd1 a5 16. Rg2 b4 17. f5 b3 18. cxb3 cxb3 19. axb3 Nc5 20. Bh6 Nxb3 21. Qe3 Qc5 22. Bxg7 Qxe3+ 23. Nxe3 Kxg7 24. fxe6 fxe6 25. Nc4 Nxe4 26. Nb6 Nec5 27. Nxc8 Rxc8 28. d4 Ne4 29. Rd1 Rc4 30. Re2 d5 31. h4 h6 32. g5 h5 33. Kg2 Nc1 34. b3 Nxb3 35. Ne5 Rc7 36. Ra2 Nc3 37. Rc2 a4 38. Rd3 Nb5 39. Rxc7+ Nxc7 40. Rf3 Nb5 41. Rf6 a3 42. Rxg6+ Kh7 43. Rh6+ Kg7 44. Rg6+ Kh7 1/2-1/2

[Event "Belgrade-chT"]
[Site "Belgrade"]
[Date "2005.10.07"]
[Round "5"]
[White "Brkljaca, Ante"]
[Black "Popovic, Aleksandra"]
[Result "1/2-1/2"]
[WhiteElo "2377"]
[BlackElo "2045"]
[PlyCount "20"]
[EventDate "2005.10.01"]
[EventType "team-tourn"]
[EventRounds "9"]
[EventCountry "YUG"]
[SourceTitle "CBM 108 Extra"]
[Source "ChessBase"]
[SourceDate "2005.11.04"]
[SourceVersion "1"]
[SourceVersionDate "2005.11.04"]
[SourceQuality "1"]

1. d4 Nf6 2. c4 g6 3. Nc3 Bg7 4. e4 d6 5. f3 0-0 6. Be3 e5 7. d5 Nh5 8. Qd2 f5 9. 0-0-0 a5 10. Bd3 a4 1/2-1/2

[Event "Belgrade-chT"]
[Site "Belgrade"]
[Date "2005.10.01"]
[Round "1"]
[White "Popovic, Aleksandra"]
[Black "Mirkovic, Slobodan"]
[Result "0-1"]
[WhiteElo "2045"]
[BlackElo "2372"]
[PlyCount "64"]
[EventDate "2005.10.01"]
[EventType "team-tourn"]
[EventRounds "9"]
[EventCountry "YUG"]
[SourceTitle "CBM 108 Extra"]
[Source "ChessBase"]
[SourceDate "2005.11.04"]
[SourceVersion "1"]
[SourceVersionDate "2005.11.04"]
[SourceQuality "1"]

1. e4 c6 2. Nc3 d5 3. g3 d4 4. Nce2 e5 5. Bg2 c5 6. f4 Nc6 7. Nf3 Bd6 8. 0-0 Nge7 9. d3 f6 10. c3 Bg4 11. h3 Bh5 12. Bd2 Qd7 13. a3 a5 14. c4 a4 15. Qe1 Bf7 16. g4 Qc7 17. fxe5 Nxe5 18. Nxe5 Bxe5 19. Nf4 0-0 20. Rc1 Qd6 21. Nd5 Nxd5 22. cxd5 b5 23. Rc2 Rfc8 24. Qb1 h5 25. g5 fxg5 26. Bxg5 c4 27. Rcf2 Bg6 28. h4 cxd3 29. Bd2 Rc2 30. Bh3 Bxe4 31. Be6+ Kh7 32. Qd1 Bh2+ 0-1

[Event "SCG-chT Premier League"]
[Site "Belgrade"]
[Date "2004.09.28"]
[Round "4"]
[White "Jovanovic, Zoran"]
[Black "Popovic, Aleksandra"]
[Result "1-0"]
[WhiteElo "2389"]
[BlackElo "2045"]
[PlyCount "83"]
[EventDate "2004.09.25"]
[EventType "team"]
[EventRounds "9"]
[EventCountry "YUG"]
[SourceTitle "CBM 102 Extra"]
[Source "ChessBase"]
[SourceDate "2004.11.03"]
[SourceVersion "1"]
[SourceVersionDate "2004.11.03"]
[SourceQuality "1"]

1. d4 Nf6 2. c4 g6 3. Nc3 Bg7 4. e4 0-0 5. Nf3 d6 6. Be2 e5 7. 0-0 Nc6 8. d5 Ne7 9. b4 a5 10. Ba3 Ne8 11. c5 axb4 12. Bxb4 dxc5 13. Bxc5 Nd6 14. Nd2 b6 15. Be3 f5 16. f3 f4 17. Bf2 g5 18. Nc4 g4 19. fxg4 Bxg4 20. Nxd6 Bxe2 21. Qxe2 Qxd6 22. Nb5 f3 23. gxf3 Qd7 24. Rac1 Ng6 25. Bg3 Rfc8 26. Rc6 Bf8 27. Qc4 Bc5+ 28. Kg2 Qf7 29. a4 Kh8 30. Kh1 Nf4 31. Qc3 Re8 32. Nxc7 Bd4 33. Qd2 Nh5 34. Nxe8 Rxe8 35. Qg5 Nxg3+ 36. hxg3 Rg8 37. Qf6+ Qxf6 38. Rxf6 Rxg3 39. Rc1 Bc5 40. a5 Be3 41. Rc8+ Kg7 42. Rxb6 1-0

[Event "Belgrade Jezero op 10th"]
[Site "Belgrade"]
[Date "2004.08.25"]
[Round "9"]
[White "Petrovic, Petar"]
[Black "Popovic, Aleksandra"]
[Result "1-0"]
[WhiteElo "2157"]
[BlackElo "2045"]
[PlyCount "85"]
[EventDate "2004.08.17"]
[EventType "swiss"]
[EventRounds "9"]
[EventCountry "YUG"]
[SourceTitle "EXT 2005"]
[Source "ChessBase"]
[SourceDate "2004.11.15"]
[SourceVersion "1"]
[SourceVersionDate "2004.11.15"]
[SourceQuality "1"]

1. Nf3 Nf6 2. b3 g6 3. Bb2 Bg7 4. e4 0-0 5. d3 c5 6. c4 e6 7. Be2 d5 8. Nbd2 Nc6 9. 0-0 b6 10. Re1 d4 11. g3 e5 12. Nh4 h5 13. Bf3 Nh7 14. Bg2 Ng5 15. Qe2 Nh3+ 16. Kh1 Nb4 17. Rf1 Bg4 18. Bf3 Bd7 19. a3 Nc6 20. Bg2 Bf6 21. Nhf3 h4 22. Ng1 Nxg1 23. Kxg1 Kg7 24. Bc1 Rh8 25. Nf3 Rh5 26. Ne1 hxg3 27. fxg3 Bg5 28. Bf3 Rh7 29. Bg4 Be3+ 30. Kg2 Qc8 31. h3 Rxh3 32. Kxh3 f5 33. Kg2 fxg4 34. Bxe3 dxe3 35. Qxe3 Nd4 36. Qg5 Nf3 37. Nxf3 gxf3+ 38. Rxf3 Bh3+ 39. Kh2 Qe6 40. Kg1 Qd6 41. Ra2 Qd4+ 42. Raf2 Qa1+ 43. Kh2 1-0

[Event "Belgrade Jezero op 10th"]
[Site "Belgrade"]
[Date "2004.08.17"]
[Round "1"]
[White "Popovic, Aleksandra"]
[Black "Ravic, Nenad"]
[Result "1-0"]
[WhiteElo "2045"]
[BlackElo "2041"]
[PlyCount "61"]
[EventDate "2004.08.17"]
[EventType "swiss"]
[EventRounds "9"]
[EventCountry "YUG"]
[SourceTitle "EXT 2005"]
[Source "ChessBase"]
[SourceDate "2004.11.15"]
[SourceVersion "1"]
[SourceVersionDate "2004.11.15"]
[SourceQuality "1"]

1. e4 c5 2. Nf3 d6 3. d4 cxd4 4. Nxd4 Nf6 5. Nc3 a6 6. Be2 e5 7. Nb3 Be7 8. g4 h6 9. Be3 Be6 10. Nd5 Bxd5 11. exd5 Nbd7 12. Qd2 Rc8 13. c4 h5 14. gxh5 Nxh5 15. Rg1 Bf6 16. 0-0-0 Nf4 17. Kb1 Nxe2 18. Qxe2 Qc7 19. Nd2 Rxh2 20. Ne4 b6 21. c5 bxc5 22. Qxa6 Ke7 23. Nxd6 Qxd6 24. Qxc8 g6 25. Rc1 e4 26. Bxc5 Nxc5 27. Rxc5 Be5 28. Rgc1 Rxf2 29. Rc7+ Kf6 30. R1c6 e3 31. Rxd6+ 1-0